000 01099nam a2200217Ii 4500
003 JO-AjNU
008 230605s9999||||xx |||||||||||||| ||und||
017 _a2014/5/2154
040 _aJO-AjNU
_bara
_erda
_cJO-AjNU
041 _aara
050 1 4 _aDS119.7.N356.2014
100 3 _aترجمة وإعداد نجم الدين، علي؛ مراجعة عزيز حيدر,
_eauthor
_950513
245 0 0 _aموسوعة المستوطنات الصهيونية في فلسطين (1870-2012)
250 _aالطبعة الورقية الأولى
264 3 1 _aعمان،الأردن: هيئة جائزة سليمان عرار للفكر والثقافة، 2014
300 _a512ص
_bيشتمل على المراجع والمصادرالببلوغرافية ص(506-508) ويشتمل على ملاحق ص(485-505)
336 _atext
_btxt
_2rdacontent
337 _aunmediated
_bn
_2rdamedia
338 _avolume
_bnc
_2rdacarrier
650 4 _aالمستوطنات الإسرائيلية -- فلسطين -- الاستيطان الإسرائيلي -- فلسطين -- الصهيونية -- تاريخ
_950514
999 _aA22256
_c25824
_d25824